Wound care : an incredibly visual! pocket guide (Record no. 99702)

MARC details
000 -LEADER
fixed length control field 00594nam a2200181Ia 4500
008 - FIXED-LENGTH DATA ELEMENTS--GENERAL INFORMATION
fixed length control field 191130s2009##################000#0#eng##
020 ## - INTERNATIONAL STANDARD BOOK NUMBER
ISBN 9781605472379
082 ## - DEWEY DECIMAL CLASSIFICATION NUMBER
Classification number 617.7 KLU
245 ## - TITLE STATEMENT
Title Wound care : an incredibly visual! pocket guide
260 ## - PUBLICATION, DISTRIBUTION, ETC. (IMPRINT)
Place of publication Philadelphia, PA
Name of publisher Lippincott Williams & Wilkins
Year of publication 2009
300 ## - PHYSICAL DESCRIPTION
Number of Pages v, 314 p. : col. ill
650 ## - SUBJECT ADDED ENTRY--TOPICAL TERM
Topical Term Wounds and injuries -- Handbooks, manuals, etc
Topical Term Wounds and injuries -- Treatment -- Handbooks, manuals, etc
991 ## -
-- 155124
Holdings
Withdrawn status Lost status Damaged status Not for loan Home library Current library Shelving location Date acquired Full call number Accession Number Price effective from Koha item type
        Anna Centenary Library Anna Centenary Library 5TH FLOOR, B WING 09.10.2020 617.7 KLU 117485 09.10.2020 English Books

Find us on the map